| 000 | 00385nam a2200169Ia 4500 | ||
|---|---|---|---|
| 100 | _aNagaraj/P.B/ Venkatesh/D | ||
| 650 | _aThermodynamics | ||
| 942 | _cBK | ||
| 366 | _f23 | ||
| 654 | _athermodynamics | ||
| 245 | _aBasic thermodynamics | ||
| 260 |
_bNew Age Interational Ltd. _c2005 |
||
| 082 |
_a621.4021 _bNAG |
||
| 300 | _a330 | ||
| 546 |
_aENGLISH _cInfo.Tech |
||
| 999 |
_c33762 _d33762 |
||